000 00556nam a22001817a 4500
003 DO-SdBNP
005 20171127133115.0
008 171127b x1991uu||||| |||| 00| 0 spa d
040 _aBPMSU
_bspa
_cBPMSU
100 _aShipachev, V. S.
245 1 _aFundamentos de las matemáticas superiores /
_cV. S. Shipachev
300 _a423 p. :
_bil. ,
_c22 cm.
500 _aIncluye índice
500 _aIncluye referencias bibliográficas y notas al pie de las paginas
506 _aIncluye índice
942 _2ddc
_cBK
945 _aInventariado, 2017/MFF
999 _c13130
_d13130